[Event "Skopje op 18th"]
[Site "Skopje"]
[Date "2002.01.21"]
[Round "7"]
[White "Skembris, Spyridon"]
[Black "Ivanisevic, Ivan"]
[Result "0-1"]
[WhiteElo "2464"]
[BlackElo "2540"]
[Annotator "Finkel,A"]
[PlyCount "114"]
[EventDate "2002.01.15"]
[EventType "swiss"]
[EventRounds "9"]
[EventCountry "MKD"]
[SourceTitle "CBM 088"]
[Source "ChessBase"]
[SourceDate "2002.03.21"]
[SourceVersion "1"]
[SourceVersionDate "2002.03.21"]
[SourceQuality "1"]

1. d4 d5 2. Bg5 Nd7 3. Nf3 Ngf6 4. e3 c5 (4... g6 5. c4 c6 6. cxd5 (6. Nc3 Bg7
7. Qb3 e6 8. Bd3 h6 {1/2-1/2 Turci,S-Wagman,S/Reggio Emilia 1987/EXT 97 (8)})
6... cxd5 7. Nc3 Ne4 8. Nxe4 dxe4 9. Nd2 Qa5 10. Bh4 e5 11. dxe5 Bg7 12. Be2
O-O 13. O-O Qxe5 $11 {Govedarica,R-Marjanovic,S/Belgrade 1982/MCD}) (4... h6 5.
Bh4 c5 (5... Ne4 6. c4 c6 7. Nc3 Qa5 8. cxd5 cxd5 9. Qb3 Nxc3 10. bxc3 a6 11.
Bd3 $14 {Zlotnik,B-Bello Bello,P/Ponferrada 1992}) 6. Nbd2 Qb6 7. Qc1 cxd4 8.
exd4 g5 9. Bg3 g4 10. Ne5 Qxd4 11. c3 Qb6 12. Be2 h5 $17 {Daniel,J-Taskovits,I/
Kecskemet 1990/EXT 2000}) 5. c3 Ne4 (5... Qb6 6. Qc2 (6. Qb3 e6 7. Qxb6 Nxb6 8.
Nbd2 Nbd7 9. Bf4 Be7 10. Bd3 O-O 11. O-O b6 $11 {Will,M-Heinl,A/Dresden 2000/
EXT 2001}) 6... g6 7. Nbd2 Bg7 8. Be2 O-O 9. O-O Re8 10. b3 e5 11. dxe5 Nxe5
12. Nxe5 $11 {Molnar,V-Fominyh,A/Rimavska Sobota 1991/CBM 24}) (5... g6 $5 6.
dxc5 Bg7 7. Bxf6 Nxf6 8. Bb5+ Bd7 9. Bxd7+ Qxd7 10. Ne5 Qb5 $13 {Dragiev,
V-Spassov,L/BUL 1995/EXT 97}) 6. Bf4 (6. Bh4 g6 7. Nbd2 f5 8. Nxe4 fxe4 9. Ng5
Nf6 10. Bb5+ Bd7 11. Ne6 Qb6 12. Bxd7+ Nxd7 13. Nxc5 Nxc5 14. dxc5 Qxc5 15. Qb3
$14 {Delis Ramos,F-Sasot Samplon,E/ESP 1999/EXT 2000}) 6... e6 7. Nbd2 $2 {
It's very hard to believ, but after this natural developing move white is in
troubles!} (7. h3 $5) 7... g5 $1 {Bishop is kind of trapped and the only way
not to lose it is to agree on the position with weak pawns on e3 and g3.} 8.
Be5 (8. Bg3 h5 $1 {[%csl Rg3]} 9. h4 (9. Nxe4 dxe4 10. Ne5 h4 11. Nxd7 Bxd7 12.
Be5 f6) 9... Nxg3 10. fxg3 g4 11. Ng1 Bh6 $17 {[%csl Re3,Rg3]}) 8... f6 9. Nxe4
$5 {An attempt to get some counter-play for a piece.} (9. Bg3 h5 10. dxc5 Ndxc5
11. Nxe4 Nxe4 12. h4 Nxg3 13. fxg3 Qc7 $17 {[%csl Rg3]}) 9... dxe4 10. Nxg5
Nxe5 $1 (10... fxe5 $2 11. Qh5+ Ke7 12. Qf7+ Kd6 13. dxc5+ Nxc5 14. Rd1+ $18)
11. Bb5+ (11. Qh5+ Ng6 12. Bb5+ Ke7 13. Nxh7 Kf7 $1 $19 {[%csl Rh5,Rh7][%cal
Gf7g7]}) 11... Ke7 $17 12. Nxe4 cxd4 13. exd4 Qd5 $5 14. Qe2 Ng6 15. Bc4 Qc6
16. O-O Nf4 17. Qf3 Bh6 $1 18. Bb3 Rg8 {[%csl Rg2]} 19. g3 f5 $5 $19 {After an
exchange of queens the game enters it's technical part and it turns out that
it's still not so easy for black to transform his material advantage into the
point!} 20. Nd2 (20. d5 Nh3+ $1 (20... fxe4 21. Qxf4 Bxf4 22. dxc6 bxc6 23.
Rfe1 e3 24. fxe3 Bc7 $19) 21. Kg2 fxe4 $19) 20... Nh3+ 21. Kg2 Bxd2 22. Qxc6
bxc6 23. Kxh3 Bg5 24. f4 $1 Bf6 25. Rae1 Kd6 26. Rf3 Bd7 27. Rfe3 Rge8 28. Bc4
a5 29. a4 Re7 $1 (29... c5 30. dxc5+ Kxc5 31. Bxe6 Rad8 32. Bxd7 Rxe3 33. Rxe3
Rxd7 $15) 30. Kg2 c5 31. dxc5+ Kxc5 32. b3 (32. Bxe6 Rae8 $19) 32... Rd8 33.
Kf2 Bc6 (33... Bc8 $5) 34. Bxe6 Rd2+ 35. R1e2 Rxe2+ 36. Kxe2 Be4 37. Bc4 h5 38.
Kd2 Rb7 39. Kc1 Rd7 40. h4 (40. Be2 $1 Bd5 41. Kb2 Bf7 $17) 40... Re7 41. Be2
Rb7 42. Bc4 $6 (42. Kb2 Bd5 43. Bd1 Bf7 $17) 42... Bd5 43. Bxd5 Kxd5 44. Kc2
Re7 45. Rd3+ (45. Rxe7 Bxe7 46. Kd3 Bc5 47. Ke2 Ke4 $19) 45... Ke4 46. Kd2 Rb7
47. Re3+ Kd5 48. Kc2 Re7 49. Rd3+ Kc6 50. Kd2 Re6 51. Rf3 Be7 $1 52. Kd1 Bc5 {
Now king is heading back to e4 nd this time white is helpless.} 53. Kd2 Kd5 54.
Rd3+ Ke4 55. Ke2 Rb6 56. c4 Rd6 57. Rc3 Rd7 $22 0-1

[Event "Manila zt 3.2a"]
[Site "Manila"]
[Date "2001.04.24"]
[Round "1"]
[White "Torre, Eugenio"]
[Black "Laylo, Darwin"]
[Result "1/2-1/2"]
[WhiteElo "2546"]
[BlackElo "2383"]
[Annotator "Finkel,A"]
[PlyCount "94"]
[EventDate "2001.04.24"]
[EventType "swiss"]
[EventRounds "9"]
[EventCountry "PHI"]
[SourceTitle "CBM 083"]
[Source "ChessBase"]
[SourceDate "2001.07.05"]
[SourceVersion "1"]
[SourceVersionDate "2001.07.05"]
[SourceQuality "1"]

1. d4 Nf6 2. Nf3 g6 3. Bg5 Bg7 4. Nbd2 d5 5. c3 Nbd7 6. e3 (6. h3 O-O 7. e3 c5
8. Be2 Qb6 9. Rb1 Re8 10. b4 cxd4 11. cxd4 e5 12. dxe5 Nxe5 13. Nxe5 Rxe5 14.
Nf3 $14 {Stajcic,N-Schneider,A/AUT-chT9596 1996}) (6. b4 O-O 7. e3 Re8 8. Qb3
c6 9. Be2 a5 10. a4 e5 11. O-O axb4 12. Qxb4 exd4 13. cxd4 Bf8 14. Qc3 Bd6 15.
Bh4 $11 {Lobron,E-Hug,W/Bern zt 1990}) 6... c5 (6... b6 7. Bd3 Bb7 8. Qc2 c5 9.
Bxf6 $5 Bxf6 10. Bb5 O-O 11. h4 a6 12. Bxd7 Qxd7 13. h5 Rac8 $13 {Nagrocka,
E-Ciampi,V/Ischia op 1994}) (6... c6 7. Bd3 Qc7 8. O-O e5 9. dxe5 Nxe5 10. Bf4
Nfd7 11. Nxe5 Nxe5 12. Nf3 Bg4 13. Bxe5 Bxe5 14. h3 Bxf3 15. Qxf3 O-O 16. Rad1
{1/2-1/2 Johansen,D-Leskiewicz,M/Melbourne Black Opal 1998}) 7. Be2 Qb6 (7...
O-O 8. O-O Re8 9. b4 c4 10. a4 a5 11. b5 Nb6 12. Ne5 Nfd7 13. Nxd7 Qxd7 $13 {
Gausel,E-Ernst,T/Gausdal Int 1994}) 8. Qb3 O-O 9. O-O Qxb3 10. axb3 h6 11. Bh4
Re8 $6 (11... b6 12. Bb5 $6 a6 13. Ra3 g5 $1 14. Bg3 Bb7 $15) 12. Bb5 cxd4 13.
exd4 Nh5 $5 {Intending to get rid of white darksquared bishop.} 14. Rfe1 $6 (
14. Ne5 $5 Bxe5 15. dxe5 g5 16. Bg3 Nxg3 17. hxg3 Rd8 18. f4 Nb6 19. Nf3 $14)
14... g5 15. Bg3 Nxg3 16. hxg3 Kf8 17. b4 Rd8 18. Nb3 a6 19. Bf1 (19. Bd3)
19... Rb8 20. Nc5 Nxc5 21. bxc5 $14 Bd7 22. b4 (22. Bd3 e6 23. Re2 f6 24. b4
Kf7 25. g4 (25. Rb2 g4 26. Nd2 e5) 25... Rh8 26. c4 $14) 22... f6 23. Reb1 (23.
c4 {[%csl Rd4]} Bg4 $1 24. cxd5 Bxf3 25. gxf3 Rxd5 $15 {[%csl Rd4]}) 23... Kf7
24. b5 axb5 25. Bxb5 Bc6 $1 $13 26. Bxc6 (26. Ra7 $1 Ra8 27. Bxc6 (27. Rxa8
Rxa8 28. Bxc6 bxc6 29. Rb6 Rc8 30. Nd2 Ke8 31. Nb3 Kd7 $11) 27... Rxa7 28. Bxb7
Ra3 29. c4 $1 g4 30. Ne1 $14) 26... bxc6 27. Rb6 $2 Rxb6 28. cxb6 e5 $2 {
Wrong move order could cost black the game, while after correct reply he is
much better.} (28... Rb8 $1 29. Rb1 e5 $17 {[%csl Rb6]}) 29. Rb1 $2 {Refusing
to take a present.} (29. Ra7+ Kg6 30. Rc7 $16 {[%csl Rc6]}) 29... Rb8 30. g4
Ke6 31. Ne1 $8 exd4 32. cxd4 f5 33. gxf5+ Kxf5 34. Nc2 Rb7 $1 {[%csl Rb6][%cal
Gg7f6,Gf6d8]} 35. f3 Bf6 $2 (35... h5 $1 36. Kf2 h4 $1 (36... Bf6 37. Rb4 Be7
38. Rb3 Bd8 39. g4+ hxg4 40. Ne3+ Ke6 41. fxg4 Bxb6 42. Ke2 Kd7 43. Nf5 Kc7 44.
Rh3 $11) 37. g3 Bf6 $5 (37... hxg3+ 38. Kxg3 Bf6 39. Ne3+ Kg6 40. Rb4 Bd8 41.
Ng4 Kf5 42. Ne3+ (42. Ne5 Be7 43. Rb3 Bd6 $19 {[%cal Gd6g3]}) 42... Kf6 43. Rb1
Rxb6 44. Rxb6 Bxb6 45. Nc2 Ba5 46. Kg4 $15) 38. gxh4 gxh4 39. Kg2 Bd8 40. Kh3
Kf4 41. Rb3 Rxb6 42. Rxb6 Bxb6 43. Kxh4 Ba5 $1 $19 {[%csl Rc2]}) 36. g4+ Kg6
37. Kg2 Bd8 38. Ne3 $11 Rxb6 39. Rxb6 Bxb6 40. Nc2 Kf6 (40... Ba5 $5) 41. Kf1
c5 42. dxc5 Bxc5 43. Ne1 Ke5 44. Nd3+ Kd4 45. Ke2 Bd6 46. Nf2 Bf4 47. Nd3 Kc3
1/2-1/2

[Event "Bundesliga 0102"]
[Site "Germany"]
[Date "2001.11.24"]
[Round "3.5"]
[White "Timman, Jan H"]
[Black "Fressinet, Laurent"]
[Result "1/2-1/2"]
[WhiteElo "2597"]
[BlackElo "2606"]
[Annotator "Finkel,A"]
[PlyCount "55"]
[EventDate "2001.10.06"]
[EventType "team-tourn"]
[EventRounds "15"]
[EventCountry "GER"]
[SourceTitle "CBM 087"]
[Source "ChessBase"]
[SourceDate "2002.03.21"]
[SourceVersion "1"]
[SourceVersionDate "2002.03.21"]
[SourceQuality "1"]
[WhiteTeam "Porz"]
[BlackTeam "Solingen"]
[WhiteTeamCountry "GER"]
[BlackTeamCountry "GER"]

1. d4 d5 2. Nf3 Nf6 3. Bg5 Ne4 4. Bh4 c5 {Black chooses the most active way to
meet white's set up and manages to equalize without a problem.} 5. dxc5 Nc6 6.
e3 g6 $5 (6... Qa5+ 7. Nbd2 e6 8. a3 Nxd2 9. Nxd2 Qxc5 10. c4 Be7 11. b4 Qd6
12. Bg3 Qd8 $11 {Shirazi,K-Gulko,B/Los Angeles 1987/EXT 97}) 7. Nbd2 Nxc5 8.
Nb3 {Other continuations also don't promise white any opening advantage:} (8.
Be2 Bg7 9. c3 O-O 10. O-O a5 11. Nd4 (11. Nb3 Ne4 12. a4 Bg4 13. h3 Bxf3 14.
gxf3 $6 Nf6 $15 {Liskov,I-Kamishov,M/Moscow 1949/MCD}) 11... Qd7 12. N2b3 Na4
13. Qd2 Nb6 14. Rad1 e6 15. Bb5 a4 16. Na1 Qc7 $13 {Nikolac,J-Pinter,J/Rome
1984/MCL}) 8... Bg7 9. c3 (9. Nxc5 Qa5+ 10. c3 Qxc5 11. Qb3 O-O 12. Rd1 e6 13.
Be2 b6 14. O-O Bb7 15. Nd4 Ne5 $13 {Kharitonov,A-Yakovich,Y/Leeuwarden 1997/
EXT 99}) (9. Nfd4 O-O 10. Be2 Na4 11. Rb1 a6 12. O-O Qd6 13. Qd2 Nxd4 14. exd4
Bd7 $11 {Moeller,M-Giertz,N/Baden 1992/GER}) 9... Ne4 (9... Na4 10. Qc1 a6 11.
Be2 O-O 12. O-O Qb6 13. Rd1 Rd8 14. Nfd4 Re8 15. Bf3 e5 16. Nc2 e4 $13 {
Levacic,D-Kiss,P/Eger 1989/EXT 98}) 10. Bd3 (10. Be2 O-O 11. O-O h6 12. Nfd4 (
12. Nfd2 g5 13. Bg3 Nxg3 14. hxg3 b6 15. Nd4 Bb7 16. Qb3 e5 17. Nxc6 Bxc6 $11 {
Klauser,M-Giertz,N/SWZ 1995/CBM 49 ext}) 12... g5 13. f3 Nxc3 14. bxc3 gxh4 15.
f4 e5 16. fxe5 Qg5 $15 {Krasnov,V-Zagrebelny,S/St Petersburg 1998/EXT 99})
10... Bg4 {Intending to simplify the position even more after B:f3 and Ne5.}
11. O-O Qb6 12. h3 ({Deserved attention} 12. Bc2 $5 e6 13. h3 Bxf3 14. Qxf3 Ne5
15. Qd1 O-O (15... Nc5 16. Nxc5 Qxc5 17. e4 dxe4 18. Bxe4 O-O 19. Qb3 $14) 16.
Qe2 $13 {with unclear position.}) 12... Bxf3 13. Qxf3 Ne5 14. Qe2 Nxd3 15. Qxd3
e6 $11 {Now it becomes perfectly clear that black has solved all opening
problems.} 16. Rad1 Nd6 (16... Nc5 $2 17. Nxc5 Qxc5 18. e4 {[%csl Rd7]} Qc4 $8
19. Qxc4 dxc4 20. Rd2 $16 {[%cal Gf1d1,Gd2d7]}) 17. Qe2 Rc8 18. Nd4 a6 19. Kh1
O-O (19... Ne4 20. f3 Nc5 21. e4 dxe4 22. fxe4 $13) 20. Be7 {Exchanging black
knight which prevents white from playing e4} Rfe8 21. Bxd6 Qxd6 22. e4 Red8 $1
({It wasn't too late to get in troubles after} 22... dxe4 $2 23. Nf5 {[%cal
Gf5d6]} Qf4 24. Nd6 Be5 25. g3 Qh6 26. Nxc8 Qxh3+ 27. Kg1 Rxc8 28. Qxe4 $18)
23. Nf3 Qc5 24. Kg1 b5 25. a3 a5 26. exd5 Rxd5 27. Rxd5 exd5 28. Rd1 {Now the
draw is inevitable. Very solid performence of young frenchman!} 1/2-1/2

[Event "Asia-ch"]
[Site "Kolkata"]
[Date "2001.08.09"]
[Round "1"]
[White "Adianto, Utut"]
[Black "Egin, Vladimir"]
[Result "1/2-1/2"]
[WhiteElo "2598"]
[BlackElo "2451"]
[Annotator "Finkel,A"]
[PlyCount "66"]
[EventDate "2001.08.09"]
[EventType "swiss"]
[EventRounds "11"]
[EventCountry "IND"]
[SourceTitle "CBM 085"]
[Source "ChessBase"]
[SourceDate "2001.11.13"]
[SourceVersion "1"]
[SourceVersionDate "2001.11.13"]
[SourceQuality "1"]

1. d4 d5 2. Nf3 Nf6 3. Bg5 Ne4 4. Bh4 c5 $5 5. dxc5 Nc6 6. e3 g6 (6... Bg4 7.
Nbd2 Nxc5 8. Be2 g6 9. h3 Bxf3 10. Bxf3 Bg7 11. O-O O-O 12. c3 Ne5 13. Nb3 Ncd3
$13 {Martynov,P-Schmitt,A/Wuert-ch 1993}) (6... Qa5+ 7. Nbd2 e5 8. a3 Nxd2 9.
Qxd2 Qxd2+ 10. Kxd2 a5 11. Bb5 f6 12. b4 h5 13. h3 g5 14. Bg3 h4 $13 {
Dambrauskas,V-Lengyel,B/Budapest FS04 IM 1993}) 7. Nbd2 (7. Nd4 Bg7 8. Bb5 Bd7
9. Bxc6 bxc6 10. b4 g5 11. f3 Nxc5 12. Bxg5 Ne6 13. Bh4 Nxd4 14. exd4 a5 $44 {
Franke,H-Schlosser,P/FRG-ch 1987}) 7... Nxc5 8. Be2 (8. Nb3 Bg7 9. Nxc5 Qa5+
10. c3 Qxc5 11. Qb3 O-O 12. Rd1 e6 13. Be2 b6 14. O-O Bb7 $11 {Kharitonov,
A-Yakovich,Y/Leeuwarden op 1997}) 8... Bg7 9. c3 O-O 10. O-O Qd6 $6 {Looking
for the troubles! After natural} (10... b6 11. Nb3 Ne4 12. Nbd4 Bb7 13. Qa4 Na5
14. Rfd1 Rc8 15. Rac1 Nd6 16. b3 a6 $13 {Siebrecht,S-Lukacs,P/Elekes mem 1993})
(10... h6 11. Nb3 Ne4 12. Nfd2 (12. Nfd4 g5 13. f3 Nxc3 14. bxc3 gxh4 15. f4 e5
16. fxe5 Qg5 $13 {Krasnov,V-Zagrebelny,S/Petrov mem 1998}) 12... g5 13. Bg3
Nxg3 14. hxg3 b6 15. Nd4 Bb7 16. Qb3 e5 17. Nxc6 Bxc6 18. a4 f5 $132 {Klauser,
M-Giertz,N/SWZ-chT 1995}) 11. Bg3 e5 $6 (11... Qe6) 12. b4 $1 {It suddenly
turns ut that black loses one of his central pawns} Nd7 (12... Ne6 13. Nc4 $1 {
[%csl Rd5,Re5]} Qc7 (13... Qd8 14. Ncxe5 $16) 14. Qxd5 Rd8 15. Qe4 f5 16. Qh4
b5 17. Na3 f4 18. exf4 exf4 19. Ng5 $1 Nxg5 20. Bxf4 $18) 13. Ne4 {[%csl Rd5]}
Qe6 14. Nfg5 Qe7 15. Qxd5 $16 Nb6 16. Qc5 (16. Qb3 h6 17. Nf3 Be6 18. Qc2 f5
19. Nc5 Bf7 $14) 16... f6 17. Nf3 Rd8 18. b5 $6 {After this move the knight
will never feel comfortable on c5, so more accurate was} (18. Qxe7 Nxe7 19. Nc5
Nbd5 20. e4 Nxc3 21. Bc4+ Kh8 22. Rfc1 b6 23. Rxc3 bxc5 24. bxc5 $16) 18...
Qxc5 19. Nxc5 Na5 {[%csl Rc5]} 20. Rfd1 Bf5 21. e4 Bg4 22. Nb3 (22. Nd4 $6 exd4
23. Bxg4 dxc3 24. Be6+ Kh8 25. Rdc1 f5 $1 $132 {[%csl Gc3][%cal Gc3c2]}) 22...
Nac4 23. Rxd8+ Rxd8 {[%csl Rg3]} 24. a4 Rc8 $6 {[%csl Rc8]} 25. a5 {Missing
very promising possibility} (25. Nfd4 $1 Bxe2 (25... exd4 26. Bxg4 f5 27. exf5
dxc3 28. f6 $18) 26. Nxe2 f5 27. a5 Nd7 28. Rd1 $16) 25... Nd7 26. a6 $6 ({
It was still possible to play} 26. Nfd4 $1 $16) 26... bxa6 27. Rxa6 Ncb6 $1 28.
h3 $6 (28. c4 $14) 28... Be6 29. Na5 $6 (29. Nbd2 Rxc3 30. Rxa7 Bh6 31. Ra1 Nc5
32. Kh2 Rc2 33. Rd1 Kf7 $14) 29... Rxc3 30. Rxa7 Nc5 31. Nc6 (31. Nd2 $2 Rc2 {
[%cal Gc2e2]}) 31... Nxe4 32. Ra6 Nxg3 33. fxg3 Bf8 $1 $15 {[%cal Gf8c5,Ge5e4]}
1/2-1/2

[Event "St Petersburg zt"]
[Site "St Petersburg"]
[Date "1993.??.??"]
[Round "8"]
[White "Dreev, Alexey"]
[Black "Ruban, Vadim"]
[Result "1-0"]
[WhiteElo "2560"]
[BlackElo "2595"]
[Annotator "Ftacnik,L"]
[PlyCount "109"]
[EventDate "1993.01.??"]
[EventType "swiss"]
[EventRounds "9"]
[EventCountry "RUS"]
[SourceTitle "CBM 034"]
[Source "ChessBase"]
[SourceDate "1993.06.01"]
[SourceVersion "1"]
[SourceVersionDate "1993.06.01"]
[SourceQuality "1"]

1. d4 Nf6 2. Nf3 e6 3. Bg5 c5 4. e3 Qb6 5. Qc1 Ne4 6. Bf4 d5 7. Bd3 Nc6 (7...
Bd6 $6 8. Bxd6 Qxd6 9. c4 $1) 8. c3 Be7 (8... Bd7) 9. h4 (9. h3 $142) 9... O-O
10. Nbd2 f5 11. Ne5 Nxe5 12. Bxe5 Bd7 13. f3 Nd6 14. f4 Bb5 15. Bc2 Rac8 (15...
Nf7 16. Nf3 Nh6 $13) 16. Bxd6 Bxd6 17. Nf3 Ba6 (17... Be8 $142) 18. Kf2 Qc7 (
18... cxd4 19. exd4 Bxf4 20. Qxf4 Qxb2 21. Qc1 $1) 19. g3 b5 20. a3 Bb7 21. Bd3
Qb6 (21... Bc6 $5) 22. Qd2 (22. Qd1 b4 23. dxc5 $140 Bxc5 24. axb4 Bxe3+) 22...
a5 (22... h5 $5) 23. Ng5 Be7 24. Qe2 h6 (24... b4 25. Qh5 h6 26. Qg6 hxg5 27.
hxg5 bxc3 28. Rh7 Qxb2+ 29. Kf3 Rf7 30. Rah1 $18) 25. Nf3 Bc6 (25... b4 $1 $132
) 26. Ne5 Be8 27. g4 Bd6 28. gxf5 Bxe5 29. fxe5 exf5 (29... Bg6 30. f6 $1 Bxd3
31. Qxd3 $18) 30. h5 $1 c4 31. Bc2 b4 32. axb4 axb4 33. Kg3 $1 Bd7 34. Kf4 Be6
35. Qg2 Rb8 36. Rhg1 Rf7 37. Qg6 $6 (37. Qh1 {/\ Rg6, Be2-f3}) 37... Kh8 38.
cxb4 $2 (38. Qg2 $142 $16) 38... Qxb4 39. Qxe6 Qd2 40. Kf3 (40. Qxd5 $2 Qf2+
41. Qf3 Qh4+ $19) (40. Bxf5 Qf2+ 41. Kg4 Qe2+ 42. Kh4 Qf2+ 43. Kg4 Qe2+ $10)
40... Qxc2 41. b4 $1 (41. Qxf7 Qe4+ 42. Kg3 Qg4+ 43. Kf2 Rxb2+ $19) 41... Qe4+
42. Ke2 Rfb7 (42... Rbf8 $1 43. Qg6 c3 $17) 43. Qg6 Qd3+ 44. Kf3 c3 45. Ra6 $1
Qe4+ (45... c2 46. Rc6 Ra8 47. Re6 $1 Qe4+ 48. Kf2 Qh4+ 49. Kf3 $13) 46. Ke2
Qh4 (46... Qc2+ $10) 47. Re6 Qd8 $2 48. Rc6 Rc8 49. b5 $1 Rcc7 (49... Rxb5 $4
50. Qxg7#) 50. Qd6 Rd7 51. Qc5 Rb8 (51... Qh4 52. Qf8+ Kh7 53. Rxh6+ Kxh6 54.
Qh8#) 52. Qxc3 Qe8 (52... Qh4 53. Rc8+ Rxc8 54. Qxc8+ Rd8 55. Qc7 Qh2+ 56. Kd3
$18) 53. Rgg6 Rxb5 54. Rc8 Rd8 55. Qc7 $1 1-0

[Event "Shenzhen"]
[Site "Shenzhen"]
[Date "1992.??.??"]
[Round "3"]
[White "Lputian, Smbat G"]
[Black "Lin, Weiguo"]
[Result "0-1"]
[WhiteElo "2585"]
[BlackElo "2495"]
[Annotator "Ftacnik,L"]
[PlyCount "100"]
[EventDate "1992.??.??"]
[EventType "tourn"]
[EventRounds "11"]
[EventCountry "CHN"]
[EventCategory "11"]
[SourceTitle "CBM 031"]
[Source "ChessBase"]
[SourceDate "1992.12.01"]
[SourceVersion "1"]
[SourceVersionDate "1992.12.01"]
[SourceQuality "1"]

1. d4 Nf6 2. Nf3 g6 3. Bg5 Bg7 4. c3 O-O 5. Nbd2 d5 6. e3 Nbd7 7. b4 Re8 8. Be2
e5 9. Nb3 c6 10. O-O h6 11. Bxf6 (11. Bh4 g5 (11... Qe7 12. Rc1 exd4 13. Nbxd4
a5 14. a3 axb4 15. axb4 Nb6 16. Nd2 Be6 17. Qc2 Qd7 18. N2b3 $14 {Boensch,
U-Stohl,I/Brno/1991/}) 12. Bg3 Ne4 13. Rc1 Nxg3 14. hxg3 e4 15. Nh2 f5 16. c4
Bf8 17. b5 cxb5 18. cxd5 Qb6 19. Bh5 Rd8 20. g4 $40 {Torre,E-Uhlmann,W/
Thessaloniki ol/1988/}) 11... Qxf6 (11... Bxf6 12. Rc1 e4 13. Nfd2 Be7 14. a3
Bd6 15. c4 Qg5 16. cxd5 cxd5 17. Rc3 h5 18. Bb5 Re7 19. f4 exf3 20. Qxf3 Kg7
$13 {Bellin-Brito/Hastings/1981/}) 12. b5 (12. Qc2 e4 13. Nfd2 Qg5 14. b5 Nf6
15. Kh1 Ng4 16. h3 Qh4 17. Kg1 Nf6 18. bxc6 bxc6 19. c4 Bf5 $40 {Ostenstadt,
B-Basin,L/Trnava B/1989/}) 12... Qd6 $5 (12... e4 13. Nfd2 Qg5 14. c4 $36) 13.
Rc1 (13. Qc2 c5) 13... Qa3 (13... c5 14. dxc5 Nxc5 15. c4 $1 $14) 14. bxc6 bxc6
15. c4 Rb8 (15... Qxa2 16. cxd5 cxd5 17. Bb5 $1 Re7 18. Bc6 Rb8 19. Bxd5 $14)
16. Rc2 dxc4 17. Bxc4 Nb6 18. Be2 (18. dxe5 Nxc4 19. Rxc4 Ba6 $17) 18... Bf5
19. Qc1 (19. Rd2 e4 20. Ne1 Nd5 $17) 19... Qa4 20. Rb2 (20. Rxc6 Qxa2 21. Nbd2
$140 exd4) 20... Nd7 21. Rd1 (21. dxe5 Nxe5 22. Nc5 $140 Nxf3+ 23. Bxf3 Bxb2
$19) (21. Nc5 Nxc5 22. Rxb8 Rxb8 23. Qxc5 exd4 24. Nxd4 Be4 $15) 21... Bf8 $1
22. dxe5 (22. Rbd2 Bb4 23. Rb2 Ba3 $17) 22... Ba3 23. e4 Bxb2 24. Qxb2 Bg4 (
24... Qxe4 25. Qc1 $132) 25. Nfd4 Bxe2 26. Qxe2 Nxe5 27. f4 Nd7 28. e5 c5 29.
Nf3 c4 30. Rd4 (30. Nbd4 Rb2 $1 31. Qxb2 Qxd1+ 32. Kf2 Nc5 $19) 30... Nb6 (
30... cxb3 31. Rxa4 b2 32. Nd2) 31. Nc5 (31. Nbd2 Qxa2 $19) 31... Qc6 32. Ne4
c3 33. Qc2 (33. Nf6+ $2 Qxf6 $19) 33... Red8 34. Qxc3 (34. Nd6 Nd5 35. Rc4 Qb6+
36. Kf1 Qb1+ $19) 34... Qxc3 35. Rxd8+ Rxd8 36. Nxc3 Rd3 37. Nb5 a6 38. Nc7 Ra3
39. Nd4 Rxa2 40. f5 Ra4 41. e6 fxe6 42. fxe6 Nc8 (42... Rxd4 43. e7 Re4 44.
e8=Q+ Rxe8 45. Nxe8 a5 $17) 43. Nc6 Rc4 44. e7 Nd6 45. Nd5 Ne8 (45... Rxc6 46.
e8=Q+ Nxe8 47. Ne7+ Kf7 48. Nxc6 Ke6 $17) 46. Nb8 Rd4 47. Nc3 a5 48. Kf2 Rd2+
49. Kf1 Kf7 50. Ne4 Rb2 {Ftacnik,L} 0-1